| 000 | 00372nam a2200133Ia 4500 | ||
|---|---|---|---|
| 005 | 20251222152034.0 | ||
| 008 | 251222s9999||||xx |||||||||||||| ||spa|| | ||
| 020 | _a9786124533518 | ||
| 082 | _a333.714/L51 | ||
| 100 | _a"Lescano Sandoval, Jorge y otros" | ||
| 245 | 0 | _aManual del desarrollo sostenible | |
| 264 | _bUNFV. Facultad de IngenierÃa Geográfica | ||
| 942 | _cLIB | ||
| 999 |
_c25788 _d25788 |
||